000
00279nam a22001217a 4500
041
_a
ENG
100
_a
Bhatt.P.S
245
_a
International Aviation And Outer Space Law And Relations
260
_a
Delhi
_b
Aitd
_c
1998
300
_a
175
650
_a
GAE (15)
856
_u
GAE (15)
999
_c
2978
_d
2978